00518nam a2200193 a 4500001001300000003000900013005001700022008004100039020002200080082002000102100001900122245005000141260003900191300000900230500003500239505001000274650002100284700001900305nice12345678IN_TiNIC20260116013234.0050524s1988 dela grp 000 0 eng  a8120815 c4500a305.40954bSHA2 aSharma, Arvind aSatib Historical and Phenomenological Essays aDelhi bMotilal Banarsidass c1988 a129p aincludes index and biblioraphy2 aIndex aWomen-India-Sati1 aSharma, Arvind